[Event "Linares 12th"]
[Site "Linares"]
[Date "1994.??.??"]
[Round "6"]
[White "Gelfand, Boris"]
[Black "Kasparov, Garry"]
[Result "1/2-1/2"]
[WhiteElo "2685"]
[BlackElo "2800"]
[Annotator "Gelfand,Boris"]
[PlyCount "97"]
[EventDate "1994.02.??"]
[EventType "tourn"]
[EventRounds "13"]
[EventCountry "ESP"]
[EventCategory "18"]
[SourceTitle "CBM 041"]
[Source "ChessBase"]
[SourceDate "1994.08.01"]
[SourceVersion "1"]
[SourceVersionDate "1994.08.01"]
[SourceQuality "1"]

1. d4 {Hansen,Cu} d5 2. c4 e6 3. Nc3 Be7 4. cxd5 exd5 5. Bf4 Nf6 6. e3 Bf5 7. Nge2 (7. Qb3 {Hansen,Cu} Nc6 (7... Bc8 8. Bb5+ c6 9. Bxb8 cxb5 10. Be5 a6 11. Bxf6 Bxf6 12. Nxd5 Bxd4 13. O-O-O Bf6 $15 {Wong Meng Kong-Sunthornpongsathorn,V/Novi Sad olm/1990/}) 8. Qxb7 (8. Nf3 Na5 9. Qd1 O-O 10. Be2 c6 11. O-O Nc4 $10 {Hort,V-Kotronias,V/Dortmund/1989/}) (8. a3 Rb8 9. Nf3 O-O 10. Be2 h6 11. O-O Be6 12. Nd2 Bd6 13. Bxd6 cxd6 $14 {Georgiev,Ki-Kotronias,V/Korfu/1991/}) 8... Nb4 9. Bb5+ (9. Rc1 O-O 10. a3 (10. Qxc7 Qxc7 11. Bxc7 Rac8 $44 {Rastianis,G-Ubilava,E/USSR/1983/}) 10... Nc2+ 11. Rxc2 Bxc2 12. Bxc7 Qc8 13. Ba6 Qxb7 14. Bxb7 Rab8 $44 {Ehlvest,J-Jusupov,A/Linares/1991/}) 9... Kf8 10. Kd2 (10. Rd1 a6 (10... Ne4 11. Ba4 Nxc3 12. bxc3 Nd3+ 13. Rxd3 Bxd3 14. Bxc7 Ba6 15. Qxa6 Qxc7 16. Ne2 $16 {Chernin,A-Dutreeuw,M/EUCup/1993/}) 11. Ba4 Nd3+ 12. Rxd3 Bxd3 13. Bxc7 Qc8 $13 {Gofstein,L-Ubilava,E/USSR/1983/}) 10... Ne4+ (10... a6 11. Ba4 Nd3 (11... c5 12. Bc7 Qc8 13. Qxc8+ Rxc8 14. Bb6 c4 15. Ba5 Rb8 16. Bxb4 Bxb4 17. f3 Ba5 18. Kc1 $16 {Olafsson,H-Thorsteins,K/Akureyri/1988/}) 12. Bxc7 Qc8 13. Qxc8+ Rxc8 14. Ba5 Nxf2 (14... Nxb2 15. Bb3 Ba3 16. f3 $16 {Karolyi,jr T-Dutreeuw,M/London Haringay/1989/}) 15. Rf1 N2e4+ 16. Nxe4 Nxe4+ 17. Ke2 Nd6 18. Nf3 $16 {Salov,V-Timoshchenko,G/Irkutsk/1986/}) 11. Nxe4 Bxe4 12. Bxc7 Qc8 13. Qxc8+ Rxc8 14. f3 $14 {Thorsteins,K-Zaitsev,I/Protvino II/1988/}) (7. h3 {Hansen,Cu} O-O 8. Nf3 a6 9. Rc1 Bd6 10. Be5 c6 11. Qb3 $14 {Adorjan,A-Thorsteins,K/Reykjavik op/1988/}) 7... O-O (7... c6 {Hansen,Cu} 8. Ng3 Bg6 9. h4 (9. Bd3 Bxd3 10. Qxd3 g6 11. O-O O-O 12. f3 $14 {Knaak,R-Ubilava/Camaguey/1987/}) 9... Qb6 10. Qd2 h5 11. Bd3 Bxd3 12. Qxd3 g6 13. O-O-O Qa6 14. Rhe1 (14. e4 O-O 15. Bg5 dxe4 16. Ngxe4 Qxd3 17. Rxd3 Nxe4 18. Nxe4 f6 19. Bf4 $14 {Kozlov,VA-Klovan,Y/Frunze/1988/}) 14... Qxd3 15. Rxd3 O-O 16. e4 $14 {Chekhov,V-Klovan,J/Frunze/1988/}) 8. Ng3 (8. Rc1 {Hansen,Cu} c6 9. Ng3 (9. h3 Nbd7 10. g4 Be4 11. Rg1 Bf3 12. Rg3 Bxe2 13. Bxe2 Ne4 14. Rg2 Bg5 $13 {Mohr,S-Kotronias,V/Debrecen/1989/}) 9... Be6 10. Bd3 Re8 11. Qb3 Qb6 12. Qc2 Nbd7 13. O-O g6 $10 {Kasparov,G-Karpov,A/Sevilla m(12)/1987/}) 8... Be6 (8... Bg6 {Hansen,Cu} 9. h4 h6 10. h5 Bh7 11. Bd3 Bxd3 12. Qxd3 c5 13. O-O-O $14 {Chekhov,V-Zaitsev,I/Protvino II/1988/}) 9. Bd3 c5 (9... g6 {Hansen,Cu} 10. O-O c5 11. dxc5 Bxc5 12. Nb5 Nc6 13. Rc1 Bb6 14. Qa4 Nd7 $13 {Vaiser,A-Dutreeuw,M/Brussels-Z/1993/}) 10. dxc5 Bxc5 11. O-O Nc6 12. Rc1 ({RR} 12. a3 d4 13. Na4 Be7 14. e4 Nd7 15. Nf5 Nde5 16. Nxe7+ Qxe7 17. Rc1 Rad8 18. Re1 b6 19. b4 Qf6 20. Bg3 Nxd3 21. Qxd3 Ne5 22. Bxe5 Qxe5 23. Nb2 Rc8 24. Rcd1 Rfd8 25. g3 Qf6 26. e5 Qf5 {Nakamura,H (2780)-Topalov,V (2749) Saint Louis 2017 0-1 (55)}) ({RR} 12. Nh5 Be7 13. Nxf6+ Bxf6 14. Na4 Nb4 15. Nc5 Qb6 16. Nxe6 fxe6 17. Be2 Rac8 18. Bg4 Rc6 19. Qb3 Nc2 20. Qxb6 Rxb6 21. Rac1 Rc8 22. b3 Kf7 23. Rfd1 Rbc6 24. e4 dxe4 25. Rd7+ Kg6 26. Rxb7 h5 {Gelfand,B (2684)-Fridman,D (2616) Moscow 2019 1-0 (47)}) 12... Bd6 ({RR} 12... d4 13. Nb5 Bb6 14. e4 a6 15. Nd6 Qd7 16. Ngf5 g6 17. Bg5 Bd8 18. Nh6+ Kg7 19. Nc4 Bxc4 20. Rxc4 Nxe4 21. Bxd8 Raxd8 22. Bxe4 Kxh6 23. Bxc6 bxc6 24. Qc1+ Kg7 25. Rd1 d3 26. Qc3+ Kg8 27. Re4 {Duda,J (2739)-Keinanen,T (2495) chess.com INT 2026 0-1 (79)}) 13. Nge2 $1 $146 (13. Nh5 {Hansen,Cu} Be7 14. Nb5 $14 {Kasparov,G-Jusupov,A/Linares/1993/}) 13... Rc8 (13... d4 14. Bxd6 Qxd6 15. Nb5 $16) (13... Bxf4 14. Nxf4 d4 15. Nxe6 fxe6 16. exd4 Nxd4 17. Bb1 $14) 14. Bb1 Bxf4 $146 (14... a6 $5) ({RR} 14... Re8 15. Qa4 Be7 16. Rfd1 Qb6 17. Qb5 Qxb5 18. Nxb5 Red8 19. h3 a6 20. Nbd4 g6 21. Bg5 Nxd4 22. Nxd4 Rxc1 23. Rxc1 Rc8 24. Rxc8+ Bxc8 25. Kf1 Kf8 26. Ke2 Nd7 27. Bxe7+ Kxe7 28. Nf3 Nc5 29. Kd2 {Urday Caceres,H (2480)-Ubilava,E (2535) Ponferrada 1991 1-0 (55)}) ({RR} 14... Qe7 15. Bxd6 Qxd6 16. Nf4 Rfd8 17. Re1 a6 18. b3 Rc7 19. Nce2 Bg4 20. f3 Be6 21. Qd2 Rdc8 22. Rcd1 Ne7 23. Nd4 Bd7 24. g4 h6 25. Qf2 Nc6 26. Nde2 Qe5 27. Nd3 Qe7 28. Nd4 Qd6 29. h4 {Belous,V (2524)-Oparin,G (2487) Sochi 2012 ½-½ (41)}) 15. Nxf4 Bg4 (15... Qd6 16. Nb5 Qe5 $14) (15... d4 {Hansen,Cu} 16. Nxe6 fxe6 17. exd4 Nxd4 $14) 16. f3 (16. Qd3 {G.Kasparov} d4 17. Ncd5 g6 $13) 16... Be6 17. Qd2 Qe7 (17... d4 18. Nxe6 fxe6 19. exd4 $14) 18. Nb5 (18. Rfd1 {Hansen,Cu} Rfd8 {d5-d4}) 18... a6 (18... Rfd8) 19. Nd4 Ne5 (19... Bd7) 20. b3 Bd7 21. g4 Ng6 (21... h6 22. h4 $36) (21... Be6 22. g5 Nfd7 $14) 22. Ng2 (22. g5 {Hansen,Cu} Nxf4 23. exf4 Nh5 $13) 22... Ne8 (22... Rfd8 $14) (22... Rxc1 $5 {Hansen,Cu} 23. Rxc1 Ne8) 23. Rxc8 Bxc8 24. Rc1 Nd6 $2 (24... Bd7 $16) 25. Bxg6 $1 (25. Qa5 Be6 26. Rc7 $16) (25. Qb4 $5 {Hansen,Cu h2-h4} f5 26. gxf5 Bxf5 (26... Nxf5 27. Rxc8 $16) 27. Bxf5 Nxf5 28. Qxe7 Ngxe7 29. Ne6 $14) 25... hxg6 (25... fxg6 26. Nf4 Qf7 27. Qb4 $18 Nb5 28. Nxb5 axb5 29. Qd6 $18) 26. Nf4 $18 Re8 27. Nxd5 Qg5 28. Nf4 Qe5 29. Ng2 (29. Re1 $5 {Hansen,Cu}) (29. Kf2 $2 {Hansen,Cu} Bxg4) (29. e4 $1 {Hansen,Cu ×d5} Rd8 30. Nde2 $14) 29... g5 (29... Bd7) 30. Qb4 Nb5 (30... Qf6 31. Qb6) 31. Nxb5 axb5 32. Qd4 Qe7 (32... Qxd4 {Hansen,Cu} 33. exd4 $16 {f2,e3}) 33. Qc5 Qf6 34. Qxb5 Rd8 35. Qe2 Be6 (35... Qd6 $5 36. Rc4 $1 Qd1+ 37. Qxd1 Rxd1+ 38. Kf2 Rd2+ 39. Kg3 Be6 40. Rb4 Rxa2 41. Rxb7 Rb2 42. b4 Bc4 43. e4 $18) 36. Qf2 (36. Rd1 $1 Rc8 (36... Rxd1+ 37. Qxd1 Qb2 38. Qd8+ Kh7 39. Qxg5 Qb1+ 40. Kf2 Qxa2+ 41. Kg3 Qxb3 $16) 37. Qf2) (36. Ne1 $1 Qe5 37. Nd3 Qb5 38. Rc3 $18) 36... Rd3 37. h4 gxh4 38. Nxh4 g5 39. Ng2 Qe5 40. Qc2 $4 $138 (40. e4 Qd6 41. Re1 Rd2 42. Re2 Rd1+ 43. Ne1 Bd7 (43... Qf4 44. Kg2 Qc1 45. Kh3 $1 b5 46. Qe3 Qxe3 47. Rxe3 Rd2 48. a3 $18) 44. e5 Qe7 45. Qe3 $18) 40... Qd6 41. Ne1 (41. Qc7 $4 Rd1+ 42. Kf2 Qd2+ $19) (41. Qb2 Bd7 $1 $40 (41... Rd2 42. Qf6 Rxg2+ 43. Kxg2 Qd2+ 44. Kg3 Qxc1 45. Qxg5+ $10)) 41... Rxe3 (41... Rd2 {Hansen,Cu} 42. Qc7 Qb4 43. Nc2 $16) 42. Qf2 Qe5 (42... Re5 43. Ng2 $14) 43. Ng2 Re2 (43... Rd3 44. Re1 $14) 44. Re1 Rxf2 45. Rxe5 Rxf3 (45... Rxa2 $2 {Hansen,Cu} 46. Rxg5+ Kf8 47. Rb5 $14) 46. Ne3 (46. Rxg5+ Kf8 47. Rb5 Rg3 48. Kf2 Rxg4 49. Ne3 Rd4 $10) 46... Bd7 47. Rxg5+ Kf8 48. Nf5 Bxf5 49. gxf5 1/2-1/2

[Event "Tilburg Fontys"]
[Site "Tilburg"]
[Date "1998.11.03"]
[Round "10"]
[White "Kramnik, Vladimir"]
[Black "Zvjaginsev, Vadim"]
[Result "1-0"]
[WhiteElo "2780"]
[BlackElo "2650"]
[Annotator "Psakhis,Lev"]
[PlyCount "81"]
[EventDate "1998.10.23"]
[EventType "tourn"]
[EventRounds "11"]
[EventCountry "NED"]
[EventCategory "18"]
[SourceTitle "EXT 1999"]
[Source "ChessBase"]
[SourceDate "1998.11.16"]
[SourceVersion "1"]
[SourceVersionDate "1998.11.16"]
[SourceQuality "1"]

1. d4 d5 2. c4 e6 3. Nf3 Nf6 4. Nc3 Be7 5. Bg5 O-O 6. cxd5 exd5 ({Reasonable alternative for could be} 6... Nxd5 {for example} 7. Bxe7 Qxe7 8. Rc1 Rd8 9. e3 Nf6 10. Qb3 b6 11. Be2 Bb7 12. O-O Nbd7 13. Rfd1 h6 14. a4 c5 15. a5 Nd5 16. axb6 axb6 $11 {½-½ Cebalo,M-Andersson,U/Roma 1985 (28)}) 7. e3 c6 8. Bd3 (8. Qc2 Nbd7 9. Bd3) 8... Bg4 $5 (8... Ne4 $5) 9. Qc2 h6 ({After} 9... Nbd7 {White can play} 10. Bxf6 $5 Nxf6 11. Ne5 Be6 12. f4 c5 13. O-O $14 {with nice position mostly behalf strong position of knight on e5.}) (9... Bxf3 10. gxf3 Nbd7 11. Rg1 Re8 12. O-O-O b5 13. Kb1 a5 14. Bh6 Bf8 15. e4 $36 {1-0 Engel,G-Luder,F/Graz op-B 1995 (37)}) 10. Bf4 ({Deserves attention} 10. h3 $5 {with possible continuation} Bxf3 11. Bxf6 Bxg2 12. Bh7+ Kh8 13. Bxg7+ Kxg7 14. Rg1 Kh8 15. Rxg2 Nd7 16. O-O-O $14) 10... Nbd7 11. Ne5 (11. h3 Bxf3 12. gxf3 c5 $13) 11... Nxe5 12. Bxe5 Nd7 (12... Be6 $5 13. O-O Ng4 $1 14. Bf4 Bd6 $13) 13. Bg3 c5 $146 {N/ New and risky move, but after standart moves like} (13... Re8 14. O-O Bh4 15. b4 Bxg3 16. hxg3 Nf6 17. b5 Qd6 18. bxc6 bxc6 19. Na4 $14 {1-0 Sotnikov,I-Malikov,S/Voronezh op 1997 (37)}) ({or} 13... Rc8 14. O-O Nf6 15. Rab1 Re8 16. b4 Bd6 17. Rfc1 Qe7 18. Bxd6 Qxd6 19. a4 b6 20. Bf5 Bxf5 21. Qxf5 $14 {1-0 Thorsteins,K-Fulton,T/Dubai olm 1986 (40) White keeps maybe not big but stable advantage.}) ({RR} 13... Re8 14. O-O Bh4 15. b4 Bxg3 16. hxg3 Nf6 17. b5 Qd6 18. bxc6 bxc6 19. Na4 Bh5 20. Rfc1 Rac8 21. Bf5 Rc7 22. Nc5 g6 23. Bh3 Bg4 24. Bxg4 Nxg4 25. Qe2 h5 26. Qf3 f5 27. Qf4 Qxf4 28. gxf4 {Sotnikov,I (2445)-Malikov,S Voronezh 1997 1-0 (37)}) ({RR} 13... Rc8 14. O-O Nf6 15. Rab1 Re8 16. b4 Bd6 17. Rfc1 Qe7 18. Bxd6 Qxd6 19. a4 b6 20. Bf5 Bxf5 21. Qxf5 c5 22. bxc5 bxc5 23. Nb5 Qb6 24. a5 Qd8 25. Nxa7 Rb8 26. Nc6 Rxb1 27. Qxb1 Qa8 28. Rxc5 {Thorsteins,K (2415)-Fulton,A Dubai 1986 1-0 (40)}) 14. O-O ({It was interesting to play} 14. Nxd5 $5 {and I am not sure, that after, for example} cxd4 15. Bc7 Qe8 16. Qc4 $5 (16. exd4) 16... Nc5 17. Qxd4 Be6 18. Bc2 {Black has compensation for the pawn.}) 14... cxd4 (14... Be6 15. Rad1) 15. exd4 Nb6 $14 {[%csl Rb6,Gd3,Gg3]} 16. Qb3 {Kramnik could get small advantage after} (16. Rfe1 Bd6 $1 (16... Bb4 17. a3 Bxc3 18. Qxc3 Qd7 19. Qb4 $1 $16) 17. Bxd6 Qxd6 18. h3 Be6 19. Nb5 $14 {but he pretends for more.}) 16... a5 {Double-edged move.Zviaginsev trys to push out white queen from strong position on b3, but black with this move strongly weaken queen,s flank.} 17. h3 (17. a4 $6 Bb4 18. Rae1 Bd7 $1 $132) 17... a4 (17... Be6 $6 {gives to White important temp-} 18. Rae1 a4 19. Qd1 {d3-c2, d1-d3 and strong attack.}) 18. Qc2 (18. Nxa4 $6 Rxa4 19. hxg4 Rxd4 20. Rac1 Bd6 $15) 18... Bd7 19. a3 Bc6 $6 (19... Bf6 $142 $5 20. Be5 Bxe5 21. dxe5 d4 $5 22. Ne4 Re8) 20. Rae1 Bd6 21. Qd2 $1 {White don,t affraid doubled pawns,} Qc7 ({because after} 21... Bxg3 22. fxg3 Nd7 23. Rf4 $5 Nf6 24. Ref1 {there advantage is obvious.}) 22. Bxd6 Qxd6 23. Re3 Rae8 (23... Nc4 $2 24. Bxc4 dxc4 25. d5) (23... Rfe8 24. Rfe1 Rxe3 25. Qxe3 $1 Kf8 26. Nb5 $5 $16) 24. Rfe1 Qb8 (24... Rxe3 $142 25. Qxe3 Qb8 $14) 25. Nd1 $1 {[%csl Ra4,Rb6,Rd5][%cal Gd2b4,Gd1e3][%mdl 32] Brilliant move!} g6 (25... Rxe3 26. Nxe3 {e3-f5}) (25... Qd6 $142 $5) 26. Qb4 {With strong and consistent game Kramnik got big  advantage} Nd7 (26... Rxe3 27. Nxe3 Qd8 28. Ng4 $1) 27. Bb5 {Harvest time} Rxe3 28. Nxe3 Nf6 (28... Qa7 29. Nxd5 $18) (28... Nb6 29. Ng4 Kg7 30. Bxc6 bxc6 31. Ne5 $16) 29. Bxa4 Bxa4 30. Qxa4 Re8 31. Qd1 Re4 32. Ng4 (32. Nc2 $5) 32... Nxg4 33. hxg4 Rf4 34. g3 Rf6 35. Qb3 (35. Re5 $142 Rd6 36. Qe2 Kg7 37. Re8 Rd8 38. Re7 $18) 35... Qd8 (35... Qc8 $1 36. Qxd5 $140 $2 Qc2 $1 $132) 36. Qxb7 Rb6 37. Re8+ Qxe8 38. Qxb6 Qe1+ 39. Kg2 Qe4+ 40. Kh2 Kg7 (40... Qxg4 41. Qd8+ Kg7 42. Qxd5 $18) 41. Qc7 (41. Qc7 Qxd4 (41... Qf3 42. Qf4) 42. Qc3) 1-0

[Event "Norway Chess 8th"]
[Site "Stavanger"]
[Date "2020.10.16"]
[Round "10"]
[White "Carlsen, Magnus"]
[Black "Aronian, Levon"]
[Result "0-1"]
[WhiteElo "2863"]
[BlackElo "2767"]
[Annotator "Krasenkow,Michal"]
[PlyCount "115"]
[EventDate "2020.10.05"]
[EventType "tourn"]
[EventRounds "10"]
[EventCountry "NOR"]
[EventCategory "21"]
[SourceTitle "CBM 199"]
[Source "ChessBase"]
[SourceDate "2020.12.01"]
[SourceVersion "1"]
[SourceVersionDate "2020.12.01"]
[SourceQuality "1"]

{[%evp 0,115,19,27,26,18,20,-16,-7,4,24,13,12,11,62,23,35,44,51,53,52,53,56,23,38,5,20,5,39,-7,40,28,2,-10,-27,-15,-19,-44,-47,-93,-43,-46,-44,-57,5,-55,-43,-35,-41,-83,-83,-62,-57,-82,-103,-103,-81,-101,-99,-46,-50,-26,-26,-32,-25,-71,-57,-62,-45,-37,-33,-100,-44,-44,-44,-48,-63,-63,-62,-62,-41,-69,-50,-52,-41,-43,-28,-43,-31,-28,-25,0,24,16,26,0,0,0,0,0,0,0,0,0,0,-27,-100,-100,-100,-122,-100,-179,-214,-310,-404,-516,-548,-976]} 1. Nf3 d5 2. d4 Nf6 3. c4 e6 4. Nc3 Be7 5. cxd5 exd5 6. Bf4 c6 7. Qc2 g6 8. e3 Bf5 9. Bd3 Bxd3 10. Qxd3 Nbd7 {This kind of position, after the exchange of light-squared bishops, is considered absolutely safe for Black. However, Magnus Carlsen is ready to play it and finds an unusual idea.} 11. h4 {White prepares to attack Black's king in the event of short castling. Common moves:} (11. O-O) (11. h3) 11... a5 {A useful move anticipating White's long castling.} (11... Nb6 {was played in the following online game:} 12. Ne5 Qc8 13. O-O-O Qe6 14. Kb1 Ne4 15. Qc2 Bb4 16. Nxe4 dxe4 17. h5 (17. f3 $5) 17... g5 18. Bxg5 f6 19. Rh4 fxg5 20. Rxe4 O-O $13 {1/2 (51) Carlsen,M (2863)-Nakamura,H (2736) chess24.com INT 2020}) ({RR} 11... Nb6 12. Ne5 Qc8 13. O-O-O Qe6 14. Kb1 Ne4 15. Qc2 Bb4 16. Nxe4 dxe4 17. h5 g5 18. Bxg5 f6 19. Rh4 fxg5 20. Rxe4 O-O 21. Ng6 Qf7 22. Nxf8 Rxf8 23. Re5 h6 24. g4 Bd6 25. Rf5 Qe6 26. e4 {Carlsen,M (2863)-Nakamura,H (2736) chess24.com INT 2020 ½-½ (51)}) 12. Kf1 $5 (12. O-O-O a4 $36) 12... a4 $146 ({RR} 12... Qb6 13. Qc2 h6 14. g3 Kf8 15. Kg2 Kg7 16. e4 dxe4 17. Nxe4 Nxe4 18. Qxe4 Rae8 19. h5 Bf6 20. Bxh6+ Kxh6 21. hxg6+ Kg7 22. Rh7+ Rxh7 23. Qxe8 fxg6 24. Qxd7+ Kg8 25. Qe8+ Kg7 26. Re1 Qd8 27. Qxd8 {Carlsen,M (2852)-Lazavik,D (2541) chess.com INT 2023 1-0 (45)}) ({RR} 12... Qb6 13. Qc2 Nf8 14. g3 h5 15. Kg2 Ne6 16. Ng5 Ng7 17. e4 dxe4 18. Ncxe4 O-O 19. Bd6 Nxe4 20. Bxe7 Rfe8 21. Qxe4 Qc7 22. Rhe1 Qd7 23. Qe5 Nf5 24. Ne4 {1-0 (24) Samadov,R (2508)-Sukiasyan,V (2395) Katowice POL 2026}) 13. a3 Qb6 (13... Nb6 $5 $11) 14. Qc2 h5 15. Bg5 {A harmless move. The bishop was well-placed on f4.} (15. Kg1 $5 {[%cal Rc3a4]} Qa6 16. Ne5) 15... O-O 16. Ne5 Rfe8 17. Bxf6 Nxf6 18. Rh3 {This attempt to create an attack fails as White has too few pieces on the kingside.} Qb3 (18... Bf8 {was possible, too.}) 19. Qb1 (19. Qxb3 $142 axb3 20. Nd3 {[%cal Yd3c1]} b6 $5 (20... Ne4 21. Rc1 $13) 21. Nc1 c5 22. Nxb3 c4 23. Nc1 b5 $44) 19... Ne4 {The simplest. Black temporarily sacrifices a pawn, then regains it with an excellent position.} 20. Nxe4 dxe4 21. Qxe4 Bd6 $1 (21... Qxb2 22. Rb1 Qa2 (22... Qxa3 $2 23. Rf3) 23. Rxb7 $13) 22. Rg3 ({Alternative:} 22. Rf3 $5 {with possible ideas g2-g3 or Rf3-f4 but, of course, it is very difficult to figure out that after} Bxe5 23. dxe5 Qxb2 24. Rb1 Qxa3 25. Rxf7 $3 ({but not} 25. Rxb7 $4 Qc1+ 26. Ke2 Red8) 25... Kxf7 26. Rxb7+ Re7 27. Qxc6 {Black can't keep his material advantage and avoid perpetual at the same time.}) 22... Bxe5 23. dxe5 Qb5+ 24. Kg1 Rxe5 $15 {Black is better as White's g3 rook is out of play. Still, White should hold on after all.} 25. Qd4 Rd5 26. Qf6 Rf5 27. Qd4 Qe2 28. e4 Rb5 (28... Rf4 29. f3 Rxh4 30. Rg5 $44 {[%csl Rh4]}) 29. Rb1 Qc2 30. Qd3 Rc5 31. Qxc2 Rxc2 {[%mdl 4096]} 32. b3 b5 33. Rd3 axb3 34. Rbxb3 Ra4 35. Rdc3 Rc4 (35... Rxc3 36. Rxc3 Rxe4 37. Rxc6 Rxh4 38. Rb6 {is drawish, of course.}) 36. Rxc2 Rxc2 37. f3 $6 (37. Rb4 $5 {[%cal Ya3a4] was the safest way to a draw:} Rc1+ (37... Ra2 38. Rb3) 38. Kh2 Rc4 39. Kg1 $1 $11 {[%cal Rb4c4] Chesspro.ru}) 37... Kf8 38. Kh2 (38. Rb4 Ra2 39. Rb3 {was too late due to} Ke7) 38... Ke7 39. Kh3 (39. Kg3 $142) 39... Ke6 40. Rd3 Rc4 $6 (40... Ke5 $17) 41. Kg3 Ke5 42. Rd7 Rc3 (42... Ra4 $5 43. Rc7 (43. Rxf7 Rxa3 $17) 43... Ra6 (43... Kd6 44. Rxf7 Rxa3 45. Kf4) 44. Kf2 Kd4 $1 (44... Rxa3 45. Rxc6 Kd4 46. Rd6+ Kc3 47. Rc6+ Kb3 48. Rc7 b4 49. Rxf7 Ka2 50. Rf6 b3 51. Rxg6 b2 52. Rb6 $11) 45. Rxf7 Rxa3 $17 { - Black already has connected passed pawns and keeps winning chances.}) 43. Ra7 $6 (43. Rxf7 Rxa3 {- see above}) (43. Re7+ $5 Kd4 44. Rd7+ Kc4 45. Ra7 {[%cal Yg3f4] Chesspro.ru}) 43... f6 (43... f5 $5) 44. Ra8 Kd6 (44... Kd4 $5 45. Kf4 c5 {with good winning chances, according to Chesspro.ru}) 45. Kf4 Kc7 46. g4 Kb7 47. Rg8 hxg4 48. fxg4 Rxa3 49. Rxg6 b4 50. Rxf6 $4 {A terrible mistake when the draw was close:} (50. Rg7+ Kb6 51. Rg8 b3 52. g5 ({or} 52. h5)) 50... b3 51. Rf7+ Kb6 52. Rf8 Ra7 $1 {White's rook can't stop Black's b-pawn from behind now.} 53. Rb8+ (53. Rd8 b2 54. Rd1 Ra1) 53... Rb7 54. Rd8 c5 $1 55. Ke3 c4 56. Rd1 (56. Kd2 b2 57. Kc2 b1=Q+ $1 58. Kxb1 Kc7+ $19) 56... c3 57. Rb1 (57. Kd3 c2 58. Rh1 Rc7 $19) 57... Kc5 58. Kd3 (58. Kd3 c2 59. Rc1 Kb4 $19) 0-1